Normal view
MARC view
Entry Personal Name
001 - CONTROL NUMBER
- control field: 1238132
003 - CONTROL NUMBER IDENTIFIER
- control field: OSt
005 - DATE AND TIME OF LATEST TRANSACTION
- control field: 20260430150646.0
008 - FIXED-LENGTH DATA ELEMENTS
- fixed length control field: 260430|| aca||aabn | a|a d
040 ## - CATALOGING SOURCE
- Original cataloging agency: OSt
- Transcribing agency: OSt
100 ## - HEADING--PERSONAL NAME
- Personal name: Meetali Au.; Katyal Anju Gu
670 ## - SOURCE DATA FOUND
- Source citation: Work cat.: (OSt)1850323: Meetali Au.; Katyal Anju Gu., Mechanistic Insights into the Role of PPAR-ß/d in Pathogenesis of Experimental Cerebral Malaria: A Cue to Adjunct Anti-Malarial Therapy, 2023
